La categorización de la renta en las sociedades profesionales (Registro nro. 20088)
[ vista simple ]
| 000 -LEADER | |
|---|---|
| fixed length control field | 00338 a2200109 4500 |
| 001 - CONTROL NUMBER | |
| control field | ART_42493 |
| 005 - DATE AND TIME OF LATEST TRANSACTION | |
| control field | 20260410161756.0 |
| 008 - FIXED-LENGTH DATA ELEMENTS--GENERAL INFORMATION | |
| fixed length control field | 260409a |
| 100 1# - MAIN ENTRY--PERSONAL NAME | |
| Personal name | Kaplan, Hugo E. |
| 245 10 - TITLE STATEMENT | |
| Title | La categorización de la renta en las sociedades profesionales |
| 773 0# - HOST ITEM ENTRY | |
| Title | Doctrina tributaria |
| Related parts | - Nº 360 (mar. 2010) |
| Record control number | REV4296 |
No hay ítems disponibles.